Statystyki dla Co można rzucić, ale nie można złapać?

Kliknij tutaj aby rozwiązać quiz!

Ogólne statystyki

  • Ten quiz został rozwiązany 15 razy
  • Średni wynik to 3 z 6

Statystyki odpowiedzi

Odpowiedź% Poprawnych
Dziewczynę | Chłopaka
70%
Pracę
60%
Oko
50%
Mięsem
30%
Słowa na wiatr
30%
Żart
30%

Rozkład punktacji

Percentyl według liczby udzielonych odpowiedzi

Procent ludzi z każdym wynikiem

Twoja historia wyników

Nie rozwiązałeś tego quizu